000 00498pab a2200169 454500
008 180718b2006 xxu||||| |||| 00| 0 eng d
100 _aKong, Tat Yan
245 _aGlobalization and labour market reform: patterns of response in Northeast Asia
260 _c2006
300 _ap.359-83.
362 _aApr
650 _aGlobalization - Northeast Asia
650 _aLabour market - Northeast Asia
650 _aLabour market
773 _aBritish Journal of Political Science
909 _a71069
999 _c71069
_d71069